Alfred Hitchcock presenta (Registro nro. 57517)
[ vista simple ]
| 000 -CABECERA | |
|---|---|
| Longitud fija campo de control | 01224nam a2200349 i 4500 |
| 003 - • IDENTIFICADOR DELl NÚMERO DE CONTROL | |
| Identificador del número de control | CO-BoRNBP |
| 005 - • FECHA Y HORA DE LA ÚLTIMA TRANSACCIÓN | |
| Fecha y hora de la última transacción | 20250708140017.0 |
| 007 - • CAMPO FIJO DE DESCRIPCIÓN FÍSICA | |
| Campo fijo de descripción física | ta |
| 008 - • CÓDIGOS DE INFORMACIÓN DE LONGITUD FIJA | |
| Códigos de información de longitud fija | 231122s2023 ck a|||er|||| 00| f|spa d |
| 020 ## - • NÚMERO INTERNACIONAL NORMALIZADO PARA LIBROS | |
| Número Internacional Normalizado para Libros (ISBN) | 9786289603521 |
| 040 ## - FUENTE DE LA CATALOGACIÓN | |
| Centro catalogador de origen | CO-BoRNBP |
| Lengua de catalogación | spa |
| Normas de descripción | rda |
| Centro transcriptor | CO-BoRNBP |
| 041 1# - • CÓDIGO DE LENGUA | |
| Código de lengua del texto/banda sonora o título independiente | spa |
| Código de lengua original | eng |
| 043 ## - CÓDIGO DE ÁREA GEOGRÁFICA | |
| Código de área geográfica | s-enk--- |
| 084 ## - • Clasificación Local Alfanúmerica PNLB | |
| Número de clasificación | N HIT1 |
| 100 ## - • PUNTO DE ACCESO PRINCIPAL-NOMBRE DE PERSONA | |
| Nombre de persona | Hitchcock, Alfred, |
| Término indicativo de función | autor |
| 245 10 - • TITULO PROPIAMENTE DICHO | |
| Título | Alfred Hitchcock presenta |
| Resto del título | los mejores relatos de crimen y suspenso |
| Mención de responsabilidad, etc. | Alfred Hitchcock ; traducción Ricardo Vinós ; ilustración Gabriel Pacheco |
| 250 ## - • MENCIÓN DE EDICIÓN | |
| Mención de edición | Edición especial |
| 264 #1 - PRODUCCIÓN, PUBLICACIÓN , DISTRIBUCIÓN, FABRICACIÓN Y COPYRIGHT | |
| Lugar de producción, publicación, distribución, fabricación | Bogotá, Colombia |
| Nombre del productor, editor, distribuidor, fabricante | Saga Libros |
| Fecha de de producción, publicación, distribución, fabricación o copyright | 2023 |
| 300 ## - • DESCRIPCIÓN FÍSICA | |
| Extensión | 449 páginas |
| Dimensiones | 24 cm |
| 336 ## - TIPO DE CONTENIDO | |
| Fuente | rdacontent |
| Término de tipo de contenido | texto |
| Código de tipo de contenido | txt |
| 337 ## - TIPO DE MEDIO | |
| Nombre del tipo de medio | sin mediación |
| Código del tipo de medio | n |
| Fuente | rdamedia |
| 338 ## - TIPO DE SOPORTE | |
| Nombre del tipo de soporte | volumen |
| Código del tipo de soporte | nc |
| Fuente | rdacarrier |
| 521 ## - • NOTA DE PÚBLICO DESTINATARIO | |
| Nota público destinatario (R ) | Recomendado para un público adulto |
| 534 ## - • Nota De Versión Original | |
| Título | Alfred Hitchcock's mystery magazine presents fifty years of crime and suspense |
| 650 17 - • PUNTO DE ACCESO ADICIONAL DE MATERIA - TÉRMINO DE MATERIA | |
| Término de materia o nombre geográfico como elemento inicial | Novela policiaca inglesa |
| Subdivisión cronológica | Siglo XX |
| Fuente del encabezamiento o término | LEMB |
| 650 10 - • PUNTO DE ACCESO ADICIONAL DE MATERIA - TÉRMINO DE MATERIA | |
| Término de materia o nombre geográfico como elemento inicial | Suspenso en la literatura |
| Fuente del encabezamiento o término | LEMB |
| 650 17 - • PUNTO DE ACCESO ADICIONAL DE MATERIA - TÉRMINO DE MATERIA | |
| Término de materia o nombre geográfico como elemento inicial | Literatura inglesa |
| Fuente del encabezamiento o término | LEMB |
| 700 ## - • PUNTO DE ACCESO ADICIONAL - NOMBRE DE PERSONA | |
| Nombre de persona | Vinós, Ricardo |
| 700 ## - • PUNTO DE ACCESO ADICIONAL - NOMBRE DE PERSONA | |
| Nombre de persona | Pacheco, Gabriel |
| Término indicativo de función | ilustrador |
| 942 ## - ENTRADA DE ELEMENTOS AGREGADOS (KOHA) | |
| Fuente de clasificaión o esquema | |
| Koha [por defecto] tipo de item | Libro Literatura |
| Perdido | Fuente de clasificación o esquema | Estado Físico | No para préstamo | Forma de adquisición | Localización permanente | Localización actual | Localización en estanterías | Fecha adquisición | Fuente de adquisición | Préstamos totales | Signatura completa | Código de barras | Fecha última consulta | Número de copia | Fecha del precio de reemplazo | Tipo de item de Koha |
|---|---|---|---|---|---|---|---|---|---|---|---|---|---|---|---|---|
| Dewey Decimal Classification | Literatura General | Biblioteca Pública Granada - Boca del Monte | Biblioteca Pública Granada - Boca del Monte | Literatura | 03/10/2026 | BIBLIOTECA NACIONAL | N HIT1 | GRDA05125 | 03/10/2026 | Ej.1 | 03/10/2026 | Libro Literatura |